| 000 | 00570nam a2200229Ia 4500 | ||
|---|---|---|---|
| 003 | LK-CoDNM | ||
| 005 | 20240311104733.0 | ||
| 008 | 010623t1934 xxu||||| |||| 00| 1 sin d | ||
| 040 |
_aLK-CoDNM _dLK-CoDNM _eLK-CoDNM |
||
| 041 | _asin | ||
| 080 | _a104 BB5 | ||
| 100 | _aKarunarathna,W.A | ||
| 245 | _a1934-8 පෙරදිග මිතුරා | ||
| 246 | _aPeradiga mithura | ||
| 260 |
_bPhilics press _aColombo _c1934 |
||
| 300 |
_bDamaged _a20p.,21 cm |
||
| 650 | _aAgreement | ||
| 650 | _aEasten | ||
| 650 | _aMarriage | ||
| 650 | _aWesak | ||
| 942 | _cBK | ||
| 999 |
_c97319 _d97319 |
||